| 000 | 00586nam a22001817a 4500 | ||
|---|---|---|---|
| 005 | 20251126175344.0 | ||
| 008 | 251119b |||||||| |||| 00| 0 eng d | ||
| 020 | _a978-93-91208-92-9 | ||
| 041 | _aeng | ||
| 082 | _a615.2 PAT-T | ||
| 100 |
_aPATEL, DR. OJASH B. PATEL, DR. HARSHA U. PATEL, MS. MONA R. _98744 |
||
| 245 | _aA TEXTBOOK OF PHARMACEUTICAL INORGANIC CHEMISTRY: FOR THE STUDENTS OF B.PHARMA [ 1ST SEMESTER] | ||
| 250 | _a1ST ED, 2023 | ||
| 260 |
_aNEW DELHI _bINNOVATIVE PUBLICATION PVT. LTD . _c2025 |
||
| 300 | _a149;P | ||
| 650 |
_aPHARMACY _x B.PHARMA |
||
| 942 | _cBK | ||
| 999 |
_c8916 _d8914 |
||